000 00291nam a2200145Ia 4500
100 _aToth/Vicker
250 _a2
942 _cBK
654 _aComputer
245 _aVisuals C++ 5 Unleashed
260 _bSAMS
_c1997
082 _a005.13'C++
_bTOT
300 _a1069
546 _aENGLISH
999 _c20492
_d20492